00685nam a2200217 a 450000100100000000500170001000800410002702000150006804000250008308200190010810000160012724500530014324600230019626000340021930000280025349000500028150000350033165000240036665000270039083000500041700001492420240412074242.0100127s2006 dr a 001 p spa d a9993462446 aDO-SdBNPbspacBNPHU aRD861.5bC843o1 aCot, Carmen10aOtros tiempos = en d autres temps /cCarmen Cot.10aEn d autreas temps aSanto Domingo :bUASD,c2006. a103 p. :bil. ;c21 cm.1 aUniversidad Autónoma de Santo Domingov1275 aTexto en español y francés 0aPoesía dominicana 0aLiteratura dominicana. 0aUniversidad Autónoma de Santo Domingov1275